00257nam a2200109Ia 4500008004100000082001000041100001500051245002100066260001800087630002100105730002100126100328s9999 xx 000 0 und d b55634 aWeale Anne aSleepless Nights bMills & Boons aSleepless Nights aSleepless Nights